Statistics for U.S. States that start with M*

Click here to take the quiz!

General Stats

  • This quiz has been taken 16 times
  • The average score is 6 of 8

Answer Stats

Answer% Correct
Maryland
93%
Michigan
93%
Montana
93%
Maine
86%
Massachusetts
71%
Mississippi
71%
Missouri
71%
Minnesota
64%

Score Distribution

Percentile by Number Answered

Percent of People with Each Score

Your Score History

You have not taken this quiz